000 00286nam a2200109Ia 4500
008 190216s9999||||xx |||||||||||||| ||und||
100 _aAthithya Natasha
245 0 _aHindi-Bharathiya Darshanam Ka Samasway
260 _bMadya Pradesh Sahithya Prakashan
650 _aHindi
942 _cBK
999 _c15268
_d15268